Dos décadas de cambios en el agro chileno

Gespeichert in:
Bibliographische Detailangaben
Hauptverfasser: Cereceda, Luz E (VerfasserIn), Dahse, Fernando (VerfasserIn)
Format: Buch
Sprache:Spanisch
Veröffentlicht: Santiago Pontificia Universidad Católica de Chile 1980
Schriftenreihe:Cuadernos del Instituto de Sociología
Schlagworte:
Tags: Tag hinzufügen
Keine Tags, Fügen Sie den ersten Tag hinzu!

MARC

LEADER 00000nam a2200000 a 4500
001 UCX5055
003 CL-VaPUC
008 920902e19800000CL |||||||||||||||||spa|d
082 0 4 |a 333  |b CER  |2 21 
100 0 |a Cereceda, Luz E  |e author  |9 321359 
700 0 |a Dahse, Fernando  |e author  |9 321360 
245 1 0 |a Dos décadas de cambios en el agro chileno 
300 |a 170 p 
942 |c BK 
945 |d 19920902 00:00:00 
260 |a Santiago  |b Pontificia Universidad Católica de Chile  |c 1980 
650 7 |a DERECHO AGRARIO  |2 CL-VaPUC  |9 321361 
650 0 |a Agricultura  |9 255598 
650 7 |a TENENCIA DE LA TIERRA  |2 CL-VaPUC  |9 264417 
651 7 |a CHILE  |2 CL-VaPUC  |9 321362 
583 |a last modification  |c 19920902 00:00:00  |k Rodrigo Vera 
490 0 |a Cuadernos del Instituto de Sociología 
999 |c 225408  |d 225406 
952 |0 0  |1 0  |4 0  |6 333_000000000000000_CER_1980  |7 0  |8 A  |9 222898  |a BIBGIM  |b BIBGIM  |d 2019-11-15  |i 2916630  |o 333 CER 1980  |p 2916630  |r 2025-01-15  |w 2019-11-15  |y BK  |k SSL